Normal view
MARC view
Entry Personal Name
001 - CONTROL NUMBER
- control field: 66030
003 - CONTROL NUMBER IDENTIFIER
- control field: dpl
005 - DATE AND TIME OF LATEST TRANSACTION
- control field: 20240509130204.0
008 - FIXED-LENGTH DATA ELEMENTS
- fixed length control field: 240509|| aca||aabn | a|a d
040 ## - CATALOGING SOURCE
- Original cataloging agency: dpl
- Transcribing agency: dpl
100 ## - HEADING--PERSONAL NAME
- Personal name: Pruthi, Surinder P S
670 ## - SOURCE DATA FOUND
- Source citation: Work cat.: (dpl)202774: Pruthi, Surinder P S, Reflections Events, People Policies & Practices /, 2008
